Actor's With "B" in Their Name by Picture - Statistics

General Stats
  • This quiz has been taken 455 times
  • The average score is 10 of 15
Answer Stats
Picture Answer % Correct
Robert Downey Jr.
92%
Benedict Cumberbatch
91%
Robert Pattinson
84%
Ben Affleck
82%
Idris Elba
80%
Julia Roberts
80%
Halle Berry
76%
Robert De Niro
76%
Whoopi Goldberg
68%
Jessica Alba
64%
Emily Blunt
62%
Marlon Brando
58%
Michael Fassbender
51%
Eric Bana
31%
Rose Byrne
19%
No matching quizzes found
Score Distribution
Percent of People with Each Score
Percentile by Number Answered
Your Score History
You have not taken this quiz